000 00574nam a2200169 i 4500
001 102063
003 ES-MaACL
005 20230906183035.0
007 t|
008 051103s1928 sp ||||1| spa d
110 2 _aAsociación General de Ganaderos (España)
_91713
245 1 0 _aMemoria presentada por la presidencia de la Exma. Asociación General de Ganaderos a la Junta General.
260 _aMadrid :
_bE. Giménez,
_c1928.
300 _a96 p. ;
_c21 cm.
610 2 _aAsociación General de Ganaderos (España)-
_vMemorias.
_9170456
852 _aES-MaACL
_j1729-F-18
999 _c102063
_d102063